000 00601nam a2200205Ia 4500
003 OSt
005 20251023163819.0
008 221004b |||||||| |||| 00| 0 eng d
037 _cTB
040 _aCRL
_cCRL
_beng
041 _2eng
_aeng
084 _aU:(Y31).23711 M9
_qCRL
100 _aNath M L
_9306434
245 0 _aUpper Chambal basin:
_b A geographical study in rural settlements
260 _aNew Delhi:
_bNorthern,
_c1989.
300 _a161p.
_ccm.
650 _aGEOGRAPHY
_9849412
942 _hU:(Y31).23711 M9
_cTB
_2CC
_n0
999 _c985483
_d985483